000 01148cam a2200325 i 4500
001 12796794
003 EG-ScBUE
005 20241013092851.0
008 020531s2003 enkdk f b f001 0 eng d
020 _a9780521016872
020 _a0521016878 (pbk.)
040 _aDLC
_beng
_erda
_cDLC
_dDLC
_dEG-ScBUE
082 0 4 _a515.35
_222
_bKIN
100 1 _aKing, A. C.,
_eauthor.
_935860
245 1 0 _aDifferential equations :
_blinear, nonlinear, ordinary, partial /
_cA. C. King, J. Billingham and S. R. Otto.
264 1 _aCambridge, United Kingdom :
_bCambridge University Press,
_c2003.
300 _axi, 541 pages :
_bcharts, forms ;
_c26 cm
336 _2rdacontent
_atext
_btxt
337 _aunmediated
_2rdamedia
_bn
338 _avolume
_bnc
_2rdacarrier
500 _aIncludes appendix.
504 _aIncludes bibliographical references and index.
650 7 _aDifferential equations.
_2BUEsh
650 7 _aPerturbation (Mathematics)
_2BUEsh
653 _bENGGEN
_cApril2014
655 _vReading book
_934232
700 1 _aOtto, S. R.
_q(Stephen Robert)
_eauthor.
_935862
700 1 _aBillingham, J.,
_eauthor.
_935861
942 _2ddc
_cBB
999 _c18200
_d18172